| 000 | 00588nam a22002177a 4500 | ||
|---|---|---|---|
| 999 |
_c31357 _d31354 |
||
| 003 | OSt | ||
| 005 | 20190131124421.0 | ||
| 008 | 190131b ||||| |||| 00| 0 eng d | ||
| 020 | _a9781856049542 | ||
| 040 |
_aMMU _beng _cMMU _dMMU |
||
| 050 | _aZ678 .E9 2013 | ||
| 100 | _aEvans Edward G. | ||
| 245 |
_aManagement basic for information professionals : _cG. Edward Evans |
||
| 250 | _a3rd ed. | ||
| 260 |
_aLondon : _bFacet, _c2013 |
||
| 300 | _axvii, 577 p.: | ||
| 500 | _aIncludes index. | ||
| 650 | _aLibrary Management | ||
| 700 | _aAlire A. Camila | ||
| 942 |
_2lcc _cLOAN LOAN |
||